[Event "13th Philadelphia International"]
[Site "Philadelphia"]
[Date "2019.06.27"]
[Round "1"]
[White "Mulyar, Michael"]
[Black "Polavaram, Rithik"]
[Result "1-0"]
[WhiteElo "2381"]
[BlackElo "2058"]
[PlyCount "79"]
[EventDate "2019.06.??"]
[EventType "swiss"]
[EventRounds "9"]
[EventCountry "USA"]

1. d4 Nf6 2. Nf3 d5 3. c4 e6 4. Nc3 Bb4 5. Bg5 O-O 6. e3 h6 7. Bh4 g5 8. Bg3
Ne4 9. Nd2 Nxc3 10. bxc3 Bxc3 11. Rc1 Bxd2+ 12. Qxd2 c6 13. h4 Kg7 14. Bd3 Rh8
15. hxg5 hxg5 16. Rxh8 Qxh8 17. e4 Qh6 18. cxd5 exd5 19. exd5 Bd7 20. f3 cxd5
21. Rc7 Be6 22. Rxb7 Nc6 23. Bb5 Rc8 24. Kf2 Bf5 25. Rc7 Rxc7 26. Bxc7 Kf8 27.
Bg3 Bd7 28. Bxc6 Bxc6 29. Qb4+ Kg8 30. Qb8+ Qf8 31. Qxa7 Qa8 32. Qb6 Qxa2+ 33.
Kg1 Qa8 34. Bb8 Kh7 35. Kh2 Qb7 36. Qd8 f6 37. Bc7 Kg6 38. Qg8+ Kh6 39. Bd6 Qh7
40. Bf8+ 1-0

[Event "13th Philadelphia International"]
[Site "Philadelphia"]
[Date "2019.06.27"]
[Round "1"]
[White "Peredun, Andrew"]
[Black "Harriott, Tyrell"]
[Result "1-0"]
[WhiteElo "2344"]
[BlackElo "2003"]
[PlyCount "109"]
[EventDate "2019.06.??"]
[EventType "swiss"]
[EventRounds "9"]
[EventCountry "USA"]

1. Nf3 d6 2. d4 Nf6 3. c4 Nbd7 4. Nc3 e5 5. e4 Be7 6. Be2 O-O 7. O-O c6 8. b3
Qc7 9. Bb2 Re8 10. Rc1 Nf8 11. c5 Ng6 12. cxd6 Qxd6 13. dxe5 Nxe5 14. Nxe5 Qxe5
15. f4 Qa5 16. e5 Nd5 17. Nxd5 cxd5 18. Bd3 Qb6+ 19. Kh1 Qh6 20. Bb1 Rd8 21. f5
Bg5 22. Rc3 Bd7 23. e6 d4 24. exf7+ Kxf7 25. Qxd4 Bc6 26. Qc4+ Bd5 27. Qc7+ Kg8
28. Rg3 Bf6 29. Bxf6 Qxf6 30. Qc3 Rd6 31. Qxf6 Rxf6 32. Rd1 Re8 33. Kg1 Bc6 34.
Kf2 Kf7 35. Rh3 h6 36. g4 Kf8 37. Re3 Rxe3 38. Kxe3 Rf7 39. Rd8+ Ke7 40. Ra8
Kf6 41. h4 a6 42. Rd8 Re7+ 43. Kf4 Re2 44. g5+ hxg5+ 45. hxg5+ Ke7 46. Rg8 Kf7
47. Rc8 Rf2+ 48. Ke3 Rf3+ 49. Kd4 Rf2 50. Rc7+ Kf8 51. g6 Rd2+ 52. Ke3 Rb2 53.
Bd3 Rxa2 54. f6 Bd5 55. Rc8# 1-0